| 000 | 00795nam a22002177a 4500 | ||
|---|---|---|---|
| 999 |
_c2123 _d2123 |
||
| 003 | AR-CdUCM | ||
| 008 | 190304b ||||| |||| 00| 0 spa d | ||
| 040 |
_aMUNICIPALIDAD PROVINCIAL DEL CUSCO _cBIBLIOTECA MUNICIPAL DEL CUSCO |
||
| 082 |
_a909 /t.2 _bH18 |
||
| 100 |
_aDannenbauer, Haller _97661 |
||
| 245 | _aDe los Carolingios a los Straufer / | ||
| 260 |
_aMéxico : _bHispano Americana, _c1964. |
||
| 300 |
_a167 páginas ; _c17.5 cm. |
||
| 440 |
_aHistoria de Alemania ; _nTOMO II _97662 |
||
| 505 | _aLa Epoca Eclesiastica -- Resistencia y Decadencia del Imperio -- Reino Aleman e Imperio Romano -- Prehistoria del Imperio Aleman... | ||
| 650 |
_aAlemania Antigua _97663 |
||
| 650 |
_aImperio Romano _92488 |
||
| 650 |
_aEpoca Eclesiastica _97664 |
||
| 942 |
_2ddc _cLIBROS |
||
| 945 | _artm | ||